La politica de desregulación petrolera argentina (Registro nro. 6580)
[ vista simple ]
| 000 -LEADER | |
|---|---|
| fixed length control field | 00932 a2200229 4500 |
| 001 - CONTROL NUMBER | |
| control field | 59027 |
| 005 - DATE AND TIME OF LATEST TRANSACTION | |
| control field | 20260407155845.0 |
| 008 - FIXED-LENGTH DATA ELEMENTS--GENERAL INFORMATION | |
| fixed length control field | 260407a1993 arg spa d |
| 003 - CONTROL NUMBER IDENTIFIER | |
| control field | AR-UNSa-BCEJYS |
| 040 ## - CATALOGING SOURCE | |
| Original cataloging agency | AR-UNSa-BCEJYS |
| Language of cataloging | spa |
| Transcribing agency | AR-UNSa-BCEJYS |
| 080 ## - UNIVERSAL DECIMAL CLASSIFICATION NUMBER | |
| Universal Decimal Classification number | 665.6/.7 |
| Common auxiliary subdivision | Procesos y productos de la industria del petróleo e industrias análogas |
| 020 ## - INTERNATIONAL STANDARD BOOK NUMBER | |
| International Standard Book Number | 950-25-1349-5 |
| 100 1# - MAIN ENTRY--PERSONAL NAME | |
| Personal name | Kozulj, Roberto |
| 245 10 - TITLE STATEMENT | |
| Title | La politica de desregulación petrolera argentina |
| Name of part/section of a work | antecedentes e impactos |
| 264 #1 - PRODUCTION, PUBLICATION, DISTRIBUTION, MANUFACTURE, AND COPYRIGHT NOTICE | |
| Place of production, publication, distribution, manufacture | Buenos Aires : |
| Name of producer, publisher, distributor, manufacturer | Centro Editor de America Latina |
| Date of production, publication, distribution, manufacture, or copyright notice | 1993 |
| 300 ## - PHYSICAL DESCRIPTION | |
| Extent | 338 p. |
| Dimensions | 21 cm. |
| 505 ## - FORMATTED CONTENTS NOTE | |
| Formatted contents note | 1. Las políticas petroleras en el pasado reciente – 2. Las políticas petroleras actuales – 3. Los impactos de la política petrolera – 4. La desregulación petrolera después de 1992 |
| 590 ## - LOCAL NOTE (RLIN) | |
| Local note | niveau_biblio:m niveau_hierar:0 |
| 700 1# - ADDED ENTRY--PERSONAL NAME | |
| Personal name | Bravo, Victor |
| 700 1# - ADDED ENTRY--PERSONAL NAME | |
| Personal name | Di Sbroiavacca, Nicolás |
| 942 ## - ADDED ENTRY ELEMENTS (KOHA) | |
| Koha item type | |
| Withdrawn status | Lost status | Damaged status | Not for loan | Home library | Current library | Shelving location | Date acquired | Total checkouts | Full call number | Barcode | Date last seen | Price effective from | Koha item type |
|---|---|---|---|---|---|---|---|---|---|---|---|---|---|
| Biblioteca Prof. Eusebio Cleto del Rey | Biblioteca Prof. Eusebio Cleto del Rey | 07/04/2026 | 665.6/.7 K75 | L58590 | 07/04/2026 | 07/04/2026 | Libro |